000 00270nam a22001217a 4500
008 170516b xxu||||| |||| 00| 0 eng d
041 _aeng
080 _a94(7/8)
100 _a16
101 _aSHH
245 _aGUERRILAS IN LATIN AMERICA
_cVEGA.L.M
942 _2udc
_cBK
999 _c13449
_d13449